000 00755nam a2200289Ia 4500
001 23152
003 IT-RoPAU
008 130308s9999 xx 000 0 und d
040 _aIT-RoPAU
040 _cIT-RoPAU
041 _aINGLESE
100 _aGriffiths Toni
100 _gCodice Aut. SPICS: 6609
245 _aProduction of Trade Union News (The)
245 _bTrade Unions And The Media
250 _a2a ed.
260 _aLONDON
260 _bMacmillan
260 _c1978 [1° Ed.:1977 - Ed.Ling.Originale:1977]
300 _a"13 p. (prefazione: no ; testo: 13 [pagine: 60-72])"
650 _aSAGGI DI COMUNICAZIONE SOCIALE
650 _eCodice materia Spics: 3807
942 _cBK
957 _71
999 _c45345
_d45345
999 _bSI
999 _g1